000 00583nam a2200205Ia 4500
003 GCL
005 20240530105027.0
008 140319s9999 xx 000 0 ara d
040 _aGCL /
_cGCL
082 0 4 _a180
_bع ف
100 1 _aعادل ضاهر
245 1 0 _aالفلسفة والسياسة /
_cعادل ضاهر
260 _a[S.N] :
_bدار الساقى ،
_c1990
300 _a135ص
490 _aبحوث اجتماعية
_v0
650 0 4 _aالفلسفة
650 0 4 _aالسياسة
650 0 4 _aالايديولوجيا الاقتصادية
942 _2ddc
_cBK
999 _c52596
_d52596